[Event "Leiden LCT op-B 09th"]
[Site "Leiden"]
[Date "2015.07.24"]
[Round "7"]
[White "Bulthuis, Jelle"]
[Black "Braggaar, Wessel"]
[Result "1/2-1/2"]
[WhiteElo "1863"]
[BlackElo "1835"]
[PlyCount "32"]
[EventDate "2015.07.17"]
[EventType "swiss"]
[EventRounds "9"]
[EventCountry "NED"]
[SourceTitle "EXT 2023"]
[Source "ChessBase"]
[SourceDate "2022.10.05"]
[SourceVersion "1"]
[SourceVersionDate "2022.10.05"]
[SourceQuality "1"]

1. e4 e6 2. d4 d5 3. Nd2 Nf6 4. e5 Nfd7 5. Bd3 c5 6. c3 Nc6 7. Ne2 Be7 8. 0-0 cxd4 9. cxd4 Nb6 10. Nf3 Bd7 11. Bd2 Nb4 12. Bxb4 Bxb4 13. a3 Be7 14. Nc3 Rc8 15. Nd2 g6 16. f4 h5 1/2-1/2

[Event "Maastricht Limburg op-B 9th"]
[Site "Maastricht"]
[Date "2015.05.23"]
[Round "2"]
[White "Bekedam, Tyro"]
[Black "Bulthuis, Jelle"]
[Result "1-0"]
[WhiteElo "1879"]
[BlackElo "1852"]
[PlyCount "113"]
[EventDate "2015.05.22"]
[EventType "swiss"]
[EventRounds "7"]
[EventCountry "NED"]
[SourceTitle "EXT 2016"]
[Source "ChessBase"]
[SourceDate "2015.10.08"]
[SourceVersion "1"]
[SourceVersionDate "2015.10.08"]
[SourceQuality "1"]

1. e4 e5 2. Nf3 Nc6 3. d4 exd4 4. Nxd4 Nf6 5. Nc3 Bb4 6. Nxc6 bxc6 7. Bd3 d5 8. exd5 cxd5 9. 0-0 0-0 10. Bg5 c6 11. h3 Bd6 12. Qf3 Rb8 13. Rab1 h6 14. Bf4 Qc7 15. Bxh6 Rb4 16. Bg5 Nh7 17. Bd2 Rh4 18. Ne2 Bg4 19. Qe3 Nf6 20. f4 Re8 21. Qf2 Rh8 22. Nd4 Bd7 23. Rbe1 c5 24. Rxe8+ Bxe8 25. Nf5 Bf8 26. c3 Bc6 27. Be3 Bb7 28. Qg3 Ne4 29. Bxe4 dxe4 30. Rd1 Ba6 31. Rd5 g6 32. Nh4 Bc4 33. Re5 Bxa2 34. Rxe4 Bb1 35. Re5 Bd6 36. Re8+ Kg7 37. Rxh8 Kxh8 38. Qg5 Qe7 39. Qxe7 Bxe7 40. Nf3 f6 41. Nd2 Bd3 42. Nb3 c4 43. Nc1 Be4 44. Bxa7 Kg7 45. Kf2 Bd6 46. g3 g5 47. fxg5 fxg5 48. Ne2 Bf5 49. g4 Be6 50. Nd4 Bd7 51. Ke3 Bf4+ 52. Ke4 Bc1 53. b4 cxb3 54. Nxb3 Bc6+ 55. Kf5 Bf4 56. Nd4 Bd2 57. Nxc6 1-0

[Event "Maastricht Limburg op-B 9th"]
[Site "Maastricht"]
[Date "2015.05.23"]
[Round "3"]
[White "Bulthuis, Jelle"]
[Black "Frijling, Jeroen"]
[Result "1-0"]
[WhiteElo "1852"]
[BlackElo "1836"]
[PlyCount "105"]
[EventDate "2015.05.22"]
[EventType "swiss"]
[EventRounds "7"]
[EventCountry "NED"]
[SourceTitle "EXT 2016"]
[Source "ChessBase"]
[SourceDate "2015.10.08"]
[SourceVersion "1"]
[SourceVersionDate "2015.10.08"]
[SourceQuality "1"]

1. e4 c5 2. Nf3 Nc6 3. d4 cxd4 4. Nxd4 e5 5. Nb5 d6 6. N1c3 a6 7. Na3 Be7 8. Nd5 Nf6 9. Be3 Nxd5 10. Qxd5 Be6 11. Qd2 d5 12. exd5 Qxd5 13. Qxd5 Bxd5 14. Nc4 0-0 15. Nb6 Rad8 16. Nxd5 Rxd5 17. Bc4 Rd7 18. c3 Bd8 19. 0-0 Bc7 20. Rad1 Rfd8 21. Rxd7 Rxd7 22. f3 Kf8 23. Kf2 f6 24. b4 Ke7 25. Ke2 b5 26. Bb3 Bb8 27. Bc2 g6 28. Be4 Nd8 29. Rd1 Rxd1 30. Kxd1 f5 31. Bd5 Ne6 32. Bb7 Nc7 33. Kc2 Kd7 34. Kb3 Ne8 35. Bxa6 Kc6 36. c4 bxc4+ 37. Bxc4 Nd6 38. a4 Nxc4 39. Kxc4 e4 40. b5+ Kb7 41. fxe4 Bxh2 42. exf5 gxf5 43. a5 h5 44. a6+ Ka8 45. Kd3 Bd6 46. Ke2 f4 47. Bd4 Bc7 48. b6 Bd6 49. Kf3 Kb8 50. Bf6 Ka8 51. Bg5 Bc5 52. b7+ Ka7 53. Bxf4 1-0

[Event "Leiden op-A 8th"]
[Site "Leiden"]
[Date "2014.07.14"]
[Round "4"]
[White "Bulthuis, Jelle"]
[Black "Noordijk, Ed"]
[Result "1-0"]
[WhiteElo "1806"]
[BlackElo "1848"]
[PlyCount "47"]
[EventDate "2014.07.11"]
[EventType "swiss"]
[EventRounds "9"]
[EventCountry "NED"]
[SourceTitle "CBM 161 Extra"]
[Source "ChessBase"]
[SourceDate "2014.08.29"]
[SourceVersion "1"]
[SourceVersionDate "2014.08.29"]
[SourceQuality "1"]

1. e4 d6 2. d4 Nf6 3. Nc3 Nbd7 4. Nf3 e5 5. dxe5 dxe5 6. Bc4 h6 7. h3 Be7 8. Be3 c6 9. a4 Qc7 10. Qe2 Nf8 11. g4 g5 12. 0-0-0 Ne6 13. h4 Nxg4 14. hxg5 Nxe3 15. Qxe3 Bxg5 16. Nxg5 Nxg5 17. f4 exf4 18. Qd4 Rh7 19. e5 f3 20. Ne4 Qe7 21. Nf6+ Kf8 22. Qd8+ Qxd8 23. Rxd8+ Kg7 24. Rg8# 1-0

[Event "Amsterdam Science Park op-C 3rd"]
[Site "Amsterdam"]
[Date "2013.07.11"]
[Round "6"]
[White "Van der Maas, Johan"]
[Black "Bulthuis, Jelle"]
[Result "0-1"]
[WhiteElo "1655"]
[BlackElo "1786"]
[PlyCount "78"]
[EventDate "2013.07.06"]
[EventType "swiss"]
[EventRounds "9"]
[EventCountry "NED"]
[SourceTitle "CBM 155 Extra"]
[Source "ChessBase"]
[SourceDate "2013.08.26"]
[SourceVersion "1"]
[SourceVersionDate "2013.08.26"]
[SourceQuality "1"]

1. d4 Nf6 2. c4 g6 3. Nc3 d5 4. Qb3 dxc4 5. Qxc4 Bg7 6. e4 Nc6 7. Nf3 Bg4 8. d5 Bxf3 9. dxc6 b5 10. Qd3 Qxd3 11. Bxd3 Bxg2 12. Rg1 b4 13. Nb5 0-0-0 14. Nxa7+ Kb8 15. Rxg2 Rxd3 16. Be3 Nxe4 17. Ke2 Rhd8 18. Rb1 f5 19. Nb5 R3d5 20. a4 Nd2 21. Rd1 Nc4 22. Rxd5 Rxd5 23. b3 Nxe3 24. fxe3 Rc5 25. Rg1 Rxc6 26. Rd1 Be5 27. h3 Rc2+ 28. Rd2 Rxd2+ 29. Kxd2 c6 30. Nd4 Bxd4 31. exd4 g5 32. Ke3 h5 33. Kf3 Kb7 34. Ke3 Kb6 35. Kd3 g4 36. hxg4 fxg4 37. Ke3 c5 38. dxc5+ Kxc5 39. Kf4 Kb6 0-1

[Event "Amsterdam Science Park op-C 3rd"]
[Site "Amsterdam"]
[Date "2013.07.10"]
[Round "5"]
[White "Bulthuis, Jelle"]
[Black "Van Nie, Pjotr"]
[Result "0-1"]
[WhiteElo "1786"]
[BlackElo "1714"]
[PlyCount "60"]
[EventDate "2013.07.06"]
[EventType "swiss"]
[EventRounds "9"]
[EventCountry "NED"]
[SourceTitle "CBM 155 Extra"]
[Source "ChessBase"]
[SourceDate "2013.08.26"]
[SourceVersion "1"]
[SourceVersionDate "2013.08.26"]
[SourceQuality "1"]

1. e4 c5 2. Nf3 d6 3. d4 cxd4 4. Nxd4 Nf6 5. Nc3 a6 6. Bg5 e6 7. f4 Be7 8. Qf3 Qc7 9. 0-0-0 Nbd7 10. g4 b5 11. Bxf6 Nxf6 12. g5 Nd7 13. h4 Bb7 14. f5 e5 15. Nde2 Rc8 16. Rd2 Qa5 17. f6 gxf6 18. Bh3 b4 19. Bxd7+ Kxd7 20. Qf5+ Kc7 21. Nd5+ Bxd5 22. Rxd5 Qxa2 23. Rh3 Kb6 24. Rb3 Qxb3 25. Qf2+ Kb7 26. Nc3 Qc4 27. Na4 Qc6 28. b3 fxg5 29. Qd2 Ka8 30. Kd1 gxh4 0-1

[Event "Amsterdam Science Park op-C 3rd"]
[Site "Amsterdam"]
[Date "2013.07.07"]
[Round "2"]
[White "Langbroek, Aarnout"]
[Black "Bulthuis, Jelle"]
[Result "1/2-1/2"]
[WhiteElo "1658"]
[BlackElo "1786"]
[PlyCount "66"]
[EventDate "2013.07.06"]
[EventType "swiss"]
[EventRounds "9"]
[EventCountry "NED"]
[SourceTitle "CBM 155 Extra"]
[Source "ChessBase"]
[SourceDate "2013.08.26"]
[SourceVersion "1"]
[SourceVersionDate "2013.08.26"]
[SourceQuality "1"]

1. e4 c5 2. Nc3 Nc6 3. f4 e6 4. Nf3 Nf6 5. Bb5 d5 6. d3 Be7 7. Ne5 Qb6 8. Bxc6+ bxc6 9. 0-0 Ba6 10. Qf3 c4+ 11. Kh1 cxd3 12. Nxd3 Bb4 13. exd5 cxd5 14. Bd2 Bxc3 15. Bxc3 Bb7 16. Bxf6 gxf6 17. Qf2 d4 18. Rad1 Rd8 19. Rd2 Rg8 20. Qh4 Qa5 21. Rff2 Qf5 22. h3 Ke7 23. Ne5 Rg7 24. Kh2 Rdg8 25. Ng4 h5 26. Nh6 Qd5 27. Nxg8+ Rxg8 28. b3 e5 29. Qxh5 Ke6 30. fxe5 Qxe5+ 31. Qxe5+ fxe5 32. g4 Rd8 33. Rf5 e4 1/2-1/2